000 00256 a2200121 4500
001 155654
040 _cEscola São Tomás de Aquino
240 1 0 _aFilosofia
_lpor
245 1 0 _aFilosofia
300 _a192
697 _aFILOSOFIA E PSICOLOGIA
942 _cBK
999 _c155654
_d155654